Thirty-three teeth

Đã lưu trong:
Bibliografiske detaljer
Hovedforfatter: Cotterill, Colin
Format: Bog
Sprog:Undetermined
Udgivet: New York Soho Press 2005
Fag:
Tags: Tilføj Tag
Ingen Tags, Vær først til at tagge denne postø!
Thư viện lưu trữ: Trung tâm Học liệu Trường Đại học Cần Thơ
LEADER 00505nam a2200181Ia 4500
001 CTU_141165
008 210402s9999 xx 000 0 und d
082 |a 823.914 
082 |b C847 
100 |a Cotterill, Colin 
245 0 |a Thirty-three teeth 
245 0 |c Colin Cotterill 
260 |a New York 
260 |b Soho Press 
260 |c 2005 
650 |a Older people,Physicians,Dân tộc cổ,Bác sĩ 
904 |i Trọng Hải 
980 |a Trung tâm Học liệu Trường Đại học Cần Thơ